Calitecno / (Record no. 22655)

MARC details
000 -LEADER
campo de control de longitud fija 00556ntaaa2200193 4500
003 - IDENTIFICADOR DE NÚMERO DE CONTROL
campo de control 01
005 - FECHA Y HORA DE LA ÚLTIMA TRANSACCIÓN
campo de control 20251027202734.0
008 - DATOS DE LONGITUD FIJA--INFORMACIÓN GENERAL
campo de control de longitud fija 0714s1973 ag 01
040 ## - FUENTE DE CATALOGACIÓN
Centro catalogador/agencia de origen AR-BaBN
Lengua de catalogación spa
Centro/agencia transcriptor AR-BaBN
Normas de descripción aacr
Centro/agencia modificador RIC
082 ## - NÚMERO DE LA CLASIFICACIÓN DECIMAL DEWEY
Número de clasificación 744.43 T63
100 ## - ENTRADA PRINCIPAL--NOMBRE DE PERSONA
Nombre de persona Tosto, Pablo
9 (RLIN) 27420
245 ## - MENCIÓN DEL TÍTULO
Título Calitecno /
Mención de responsabilidad, etc. Pablo Tosto, Pedro Echarte
260 ## - PUBLICACIÓN, DISTRIBUCIÓN, ETC.
Lugar de publicación, distribución, etc. Buenos Aires :
Nombre del editor, distribuidor, etc. Talleres Gráficos Argentinos,
Fecha de publicación, distribución, etc. c1957
300 ## - DESCRIPCIÓN FÍSICA
Extensión 24 p.
500 ## - NOTA GENERAL
Nota general BAJA PATRIMONIAL POR OBSOLESCENCIA 20190405
650 ## - PUNTO DE ACCESO ADICIONAL DE MATERIA--TÉRMINO DE MATERIA
Término de materia o nombre geográfico como elemento de entrada Caligrafia tecnica
9 (RLIN) 27421
700 ## - ENTRADA AGREGADA--NOMBRE PERSONAL
Nombre de persona Echarte, Pedro
9 (RLIN) 27422
942 ## - ELEMENTOS DE ENTRADA SECUNDARIOS (KOHA)
Tipo de ítem Koha Colección General
Holdings
Estatus retirado Estado de pérdida Estado de daño No para préstamo Biblioteca de origen Biblioteca actual Fecha de adquisición Número de inventario Total de préstamos Signatura topográfica completa Código de barras Visto por última vez Precio de reemplazo Tipo de ítem Koha
        Biblioteca Pluis Biblioteca Pluis 27/10/2025 011035   744.43 T63 011035 27/10/2025 27/10/2025 Colección General